000 00658nam a2200229Ia 4500
003 OSt
005 20221007074123.0
006 a|||||r|||| 00| 0
007 ta
008 221006b |||||||| |||| 00| 0 eng d
024 _a27,971
037 _cReports / Technical Reports
040 _aFLL
_cFLL
_beng
041 _2eng
_aeng
082 _aZ73:3y7, K5
100 _aFriedman Lawrence M.
_9133497
245 0 _aContract law in America
260 _aMadison
_bThe University Wisconsin Press
_c1965
300 _ax,280p
_ccm.
942 _hZ73:3y7, K5
_cREP
_2CC
999 _c1151224
_d1151224